Bluetooth application programming with the Java APIs

Αποθηκεύτηκε σε:
Λεπτομέρειες βιβλιογραφικής εγγραφής
Κύριος συγγραφέας: Thompson, Timothy J. (Timothy Joseph) 1976-
Άλλοι συγγραφείς: Kline, Paul J., Kumar, C. Bala
Μορφή: Βιβλίο
Γλώσσα:English
Δημοσίευση: Amsterdam : Morgan Kaufmann, 2008
Έκδοση:Essentials ed.
Σειρά:Morgan Kaufmann series in networking
Θέματα:
Ετικέτες: Προσθήκη ετικέτας
Δεν υπάρχουν, Καταχωρήστε ετικέτα πρώτοι!

MARC

LEADER 00000nam a2200000 i 4500
001 1/100507
008 090202s2008 eng d
020 |a 978-0-12-374342-8 
035 |l 10102882 
040 |a GR-MY-UA  |b gre  |e aacr 
041 0 |a eng 
082 0 |a 004.62  |2 (22) 
100 1 |a Thompson, Timothy J.  |q (Timothy Joseph)  |d 1976- 
245 1 0 |a Bluetooth application programming with the Java APIs /  |c Timothy J. Thompson, Paul J. Kline, C. Bala Kumar 
250 |a Essentials ed. 
260 |a Amsterdam :   |b Morgan Kaufmann,   |c 2008 
300 |a xviii, 286 σ.;  |b εικ.;  |c 24 εκ. 
490 1 |a The Morgan Kaufmann series in networking 
504 |a Βιβλιογραφία: σ. [279]-281 
504 |a Ευρετήριο: σ. [283]-286 
650 0 0 |a Bluetooth technology. 
650 0 0 |a Java (Computer program language) 
650 0 0 |a Application program interfaces (Computer software) 
700 1 |a Kline, Paul J. 
700 1 |a Kumar, C. Bala. 
830 0 |a Morgan Kaufmann series in networking 
852 |a INST  |b LESVOS  |e 20090202  |h 004.62 THO  |p 005100043780  |q 005100043780  |t BK  |y 0 
901 |a BIBL1-2009-1 
909 |a Λ  |b 154149 
922 |a 1ΕΛΗ  |b 200809  |c ΕΠΕΑΕΚ2/ΠΤΕ  |d ΜΙΧΑΛΟΠΟΥΛΟΣ 
970 |a ΚΑΡΑ  |b ΓΙΑΣΕΜΗ  |z 2009/02/02